Statistics for 150 Disney Characters

Click here to take the quiz!

General Stats

  • This quiz has been taken 318 times
    (293 since last reset)
  • The average score is 61 of 150

Answer Stats

Character NumberCharacter DescriptionCharacter Name% Correct
9A deer who's mother got killedBambi
94%
1The originalMickey Mouse
94%
2The girlfriend of the originalMinnie Mouse
92%
17the young male lionSimba
92%
3The originals petPluto
90%
4The originals friendsGoofy
89%
5Donald Duck
88%
41The owner of the glass slipperCinderella
86%
61The curious mermaidAriel
85%
75The fairest of them allSnow White
85%
26The Kings brotherScar
84%
18The young female lionNala
83%
20The young male lions dad/the kingMufasa
82%
113The young orange fishNemo
81%
10The deers friendsThumper
81%
24The meerkatTimon
80%
51The inventors daughterBelle
79%
83Grumpy
79%
81Sleepy
78%
54The scary thing in the castleBeast
76%
8Daisy Duck
76%
116The forgetful fishDory
76%
69The crabSebastian
76%
56The chipped teacupChip
75%
87The boy who wants to live in the jungleMowgli
75%
95He wants to be a real boyPinocchio
75%
79Doc
74%
77The seven dwarfsHappy
73%
72The princePrince Eric
72%
78Dopey
71%
53The best hunter in the worldGaston
71%
70Ariels best friendFlounder
70%
104The red emotionAnger
69%
80Bashful
69%
82Sneezy
69%
90The bearBaloo
68%
102The yellow emotionJoy
68%
105The blue emotionSadness
68%
55The teapotMrs Potts
67%
57The candle stickLumiere
66%
32The supposed savagePocahontas
66%
49The magical helperFairy godmother
65%
35The main male characterJohn smith
64%
74The octopusUrsula
64%
28The slightly insane baboonRafiki
61%
46Gus
60%
68The KingKing triton
60%
58The grandfather clockCogsworth
59%
11Flower
59%
114The older adult fishMarlin
59%
50The princePrince Charming
59%
23The warthogPumbaa
58%
143The homeless dogTramp
58%
97His conscienceJiminy Cricket
56%
103The green emotionDisgust
55%
106The purple emotionFear
55%
84The one who predicts the fairest of them allMagic mirror
53%
31The male (stupid) hyenaEd
50%
48The catLucifer
50%
25The Kings major-domoZazu
49%
43Step sistersAnastasia
48%
42Step motherLady tremaine
46%
52The inventorMaurice
45%
34The raccoonMeeko
45%
101The girl with emotionsRiley
45%
93The snakeKaa
44%
128The great white sharkBruce
43%
44Drizella
43%
71The seagullScuttle
43%
142The female dog (add Miss at the start)Miss Lady
42%
98The wish granterBlue fairy
41%
96His fatherGeppetto
41%
45The miceJaq
41%
94The orangutanKing Louie
41%
16The thing who kills the deers motherMan
41%
118The older turtleCrush
40%
73The dogMax
40%
21The young male lions mumSarabi
39%
89The pantherBagheera
38%
111The imaginery friendBing Bong
35%
127The annoying girlDarla
35%
60The bumb friend of the hunterLe fou
34%
6Pete
34%
117The young turtleSquirt
34%
36The treeGrandmother willow
33%
29The female hyenaShenzi
31%
19their daughterKiara
30%
33the hummingbirdFlit
28%
47The dogBruno
27%
76The step motherQueen
25%
121The fish who likes bubblesBubbles
24%
13the deers girlfriendFaline
23%
39The governorGovernor ratcliffe
23%
115The mother fishCoral
22%
132The teacherMr.Ray
22%
30The male (not stupid) hyenaBanzai
20%
144The scottish dogJock
19%
40The dogPercy
19%
63Alana
18%
137The octopusHank
18%
64Adella
17%
65Aquata
17%
119The starfishPeach
17%
148The human femaleDarling
16%
123The scared fishGill
15%
147The human maleJim Dear
15%
131The small jelly fishSquishy
15%
108The male parentDad
14%
122The one with a 'sister'Deb
14%
138The female whaleDestiny
14%
126The pelecanNigel
14%
120The puffer fishBloat
13%
27The brothers successorKovu
13%
107The female parentMom
13%
22The young female lions motherSarafina
13%
66Arista
12%
62Her sistersAttina
12%
38The strongest of the villageKocoum
12%
86The saviourThe Prince
12%
67Andrina
11%
146The auntAunt Sarah
11%
135Pearl
11%
145The dog who lost his scentTrusty
11%
92Akela
10%
139The male whalebailey
10%
130The mako sharkChum
10%
149The small dog who likes trampPeg
9%
14The deers motherBambis mother
8%
140The mumJenny
7%
134Nemos friendsSheldon
7%
129The hammerhead sharkAnchor
6%
141The dadCharlie
6%
124The worried fishGurgle
6%
112The clownJangles
6%
133The dentistP.Sherman
6%
88The girlShanti
6%
136Tad
6%
12Friend owl
5%
125The 'cleaner'Jaques
4%
150The babyJim Jr
3%
110The best friendMeg
3%
109They work in long term memoryMind workers
3%
59The doctorMonsieur D'Arque
3%
91The wolfsRaksha
3%
100The driverThe coachman
3%
15The deers fatherThe great prince of the forest
3%
7Clarabell cow
2%
99Pinocchios human friendCandlewick
1%
37The wise old manKeketa
1%
85The hunterBrighton
0%

Score Distribution

Percentile by Number Answered

Percent of People with Each Score

Your Score History

You have not taken this quiz since the last reset